000 00614nam a2200253Ia 4500
005 20260121155317.0
008 008 260114s9999 xx 000 0 eng d
020 _a9780367347581
037 _aEBOOK
040 _aCRL
040 _beng
040 _cCRL
041 _2eng
041 _aeng
084 _qCRL
100 _a A P Ashwin Kumar
_91017950
245 0 _aNationalism, Language, and Identity in India
260 _bTaylor and Francis
260 _c2020
856 _uhttp://www.taylorfrancis.com/books/9780367347581
942 _cEBOOK
999 _c1584769
_d1584769